Statistics for Provinces Further South than Contiguous States

Click here to take the quiz!

General Stats

  • This quiz has been taken 46 times
  • The average score is 8 of 9

Answer Stats

Answer% Correct
British Columbia
96%
Ontario
93%
Alberta
89%
Quebec
89%
Manitoba
82%
Saskatchewan
82%
Nova Scotia
80%
Prince Edward Island
80%
New Brunswick
71%

Score Distribution

Percentile by Number Answered

Percent of People with Each Score

Your Score History

You have not taken this quiz